000 00465nam a2200181Ia 4500
008 100917s9999 xx 000 0 und d
082 _b8683
100 _aफडके ना. सी.
245 _aप्रतिज्ञा
260 _b---
300 _a263
365 _b6.5
520 _aकादंबरी
630 _aप्रतिज्ञा
650 _aकादंबरी
730 _aप्रतिज्ञा
942 _cBOOK
999 _c614077
_d614074